| 000 | 01403nam a2200349Ia 4500 | ||
|---|---|---|---|
| 001 | ebr10289938 | ||
| 003 | CaPaEBR | ||
| 006 | m u | ||
| 007 | cr cn||||||||| | ||
| 008 | 081114s2008 enka sb 001 0 eng d | ||
| 010 | _z 2008300522 | ||
| 020 | _z9781845115791 | ||
| 020 | _z1845115791 | ||
| 040 |
_aCaPaEBR _cCaPaEBR |
||
| 035 | _a(OCoLC)647703627 | ||
| 050 | 1 | 4 |
_aHN658.D36 _bT73 2008eb |
| 100 | 1 | _aHudson, Leila. | |
| 245 | 1 | 0 |
_aTransforming Damascus _h[electronic resource] : _bspace and modernity in an Islamic city / _cLeila Hudson. |
| 260 |
_aLondon ; _aNew York : _bTauris Academic Studies, _c2008. |
||
| 300 |
_ax, 188 p. : _bill. |
||
| 490 | 1 |
_aLibrary of Middle East history ; _v16 |
|
| 504 | _aIncludes bibliographical references (p. [143]-174) and index. | ||
| 533 |
_aElectronic reproduction. _bPalo Alto, Calif. : _cebrary, _d2009. _nAvailable via World Wide Web. _nAccess may be limited to ebrary affiliated libraries. |
||
| 650 | 0 |
_aSocial sciences _zSyria _zDamascus. |
|
| 651 | 0 |
_aDamascus (Syria) _xHistory. |
|
| 651 | 0 |
_aDamascus (Syria) _xSocial conditions. |
|
| 651 | 0 |
_aSyria _xSocial conditions. |
|
| 655 | 7 |
_aElectronic books. _2local |
|
| 710 | 2 | _aebrary, Inc. | |
| 830 | 0 |
_aLibrary of Middle East history ; _vv. 16. |
|
| 856 | 4 | 0 |
_uhttp://site.ebrary.com/lib/rucke/Doc?id=10289938 _zAn electronic book accessible through the World Wide Web; click to view |
| 999 |
_c72787 _d72787 |
||